000 00587nam a2200205Ia 4500
005 20250923150049.0
008 008 250917s9999 xx 000 0 eng d
037 _aTextual
040 _aDSWL
_beng
_cDSWL
041 _aeng
_2eng
084 _aX:97Dx, POO
_qDSWL
245 0 _aTrade union challenges at teh beginning of the 21st century
_cEd.by Ratnam Venkata
260 _aNew delhi
_b Excel Books
_c2000
300 _a270p.
365 _aINR
_b200
700 _a P Sinha
_9841804
925 _g200
942 _cTEXL
_hX:97Dx, POO
999 _c1459136
_d1459136